<?xml version="1.0" encoding="UTF-8"?>
<record
    xmlns:xsi="http://www.w3.org/2001/XMLSchema-instance"
    xsi:schemaLocation="http://www.loc.gov/MARC21/slim http://www.loc.gov/standards/marcxml/schema/MARC21slim.xsd"
    xmlns="http://www.loc.gov/MARC21/slim">

  <leader>04184nam a22003737a 4500</leader>
  <controlfield tag="003">OSt</controlfield>
  <controlfield tag="005">20260604095258.0</controlfield>
  <controlfield tag="008">260604b        |||||||| |||| 00| 0 eng d</controlfield>
  <datafield tag="040" ind1=" " ind2=" ">
    <subfield code="c">Foundation University </subfield>
    <subfield code="a">Foundation University </subfield>
    <subfield code="b">eng</subfield>
    <subfield code="d">Foundation University </subfield>
  </datafield>
  <datafield tag="050" ind1=" " ind2=" ">
    <subfield code="a">GS (MAED-AdSup-Th) LG 221 D35 G73</subfield>
    <subfield code="b">A6 E38 A36 2015 E45</subfield>
  </datafield>
  <datafield tag="100" ind1=" " ind2=" ">
    <subfield code="a">Elloremo, Eric I.,</subfield>
    <subfield code="9">7977</subfield>
    <subfield code="e">author.</subfield>
  </datafield>
  <datafield tag="245" ind1=" " ind2=" ">
    <subfield code="a">Competency level of Grade Six teachers based on the National Competency-Based Teacher Standards (NCBTS) in relation to pupils' performance /</subfield>
    <subfield code="c">by Eric I. Elloremo.</subfield>
  </datafield>
  <datafield tag="260" ind1=" " ind2=" ">
    <subfield code="a">Dumaguete City :</subfield>
    <subfield code="b">Foundation University ,</subfield>
    <subfield code="c">2015.</subfield>
  </datafield>
  <datafield tag="264" ind1=" " ind2=" ">
    <subfield code="4">2015.</subfield>
  </datafield>
  <datafield tag="300" ind1=" " ind2=" ">
    <subfield code="a">xii, 123 leaves :</subfield>
    <subfield code="b">illustrations ;</subfield>
    <subfield code="c">28 cm.</subfield>
    <subfield code="3">thesis</subfield>
    <subfield code="f">leaves</subfield>
  </datafield>
  <datafield tag="336" ind1=" " ind2=" ">
    <subfield code="3">rdacontent</subfield>
    <subfield code="a">text</subfield>
    <subfield code="b">txt</subfield>
  </datafield>
  <datafield tag="337" ind1=" " ind2=" ">
    <subfield code="3">rdamedia</subfield>
    <subfield code="a">unmediated</subfield>
    <subfield code="b">n</subfield>
  </datafield>
  <datafield tag="338" ind1=" " ind2=" ">
    <subfield code="2">rdacarrier</subfield>
    <subfield code="3">GS-MAED-AdSup-Th</subfield>
    <subfield code="a">volume</subfield>
    <subfield code="b">nc</subfield>
  </datafield>
  <datafield tag="490" ind1=" " ind2=" ">
    <subfield code="a">GS-MAED-AdSup-Th</subfield>
  </datafield>
  <datafield tag="502" ind1=" " ind2=" ">
    <subfield code="6">Graduate thesis (Master of Arts in Education Major in Administration and Supervision) - - Foundation University, 2015.</subfield>
  </datafield>
  <datafield tag="504" ind1=" " ind2=" ">
    <subfield code="a">Includes bibliographical references and appendices.</subfield>
  </datafield>
  <datafield tag="520" ind1=" " ind2=" ">
    <subfield code="a">This study aimed to determine the competency level of Grade Six
teachers based on the National Competency-Based Teacher Standard (NCBTS),
results of which serve as the basis in the formulation of an INSET (In-Service
Training) for teachers of Bayawan City Division.
The respondents of this study are the sampled Grade Six Teachers in the
Division of Bayawan City during the school year 2013-2014.
This study is descriptive and correlational in nature. It utilized frequency
distribution, percentage, weighted mean and Pearson r for its statistical treatment
of data.
The study made use of the NCBTS-TSNA tool to determine the
competency level of Grade Six teachers. The instrument has an electronic
version whereby the teachers can respond to assess their competency level. It
contains cluster of Knowledge, Skills, and Attitudes (KSA's) specific to a
particular competency indicator. The tool is composed of seven (7) integrated domains for effective teaching which are: Domain 1-Social Regard for Learning;
Domain 2-Learning Environment; Domain 3-Diversity of Learners; Domain 4-
Curriculum; Domain 5-Planning, Assessing and Reporting; Domain 6-Community
Linkages; and Domain 7-Personal Growth and Professional Development.
The following are the salient findings of the study:
Majority of the teacher respondents are female, middle-aged, married, and
have units in the Master of Arts Program.
Teachers' competency level based in the National Competency-Based
Teacher Standard (NCBTS) is "Satisfactory" which implies a "Moderate" need of
training.
Pupils' performance based on the National Achievement Test (NAT) is still
far below the targeted national mean standard of 75 percent.
The competency level of Grade Six teachers based on the NCBTS is not
related to their pupils' NAT performance.
Teachers' profile in terms of educational qualification is significantly
related to their competency level based on the NCBTS while sex, age, and civil
status were found to be insignificant.
Teachers' profile in terms of educational qualification was found to be
significantly related to their pupils' NAT performance.
In general, it was concluded that pupils' NAT performance is not reflective
of teachers' competency level.</subfield>
  </datafield>
  <datafield tag="650" ind1=" " ind2=" ">
    <subfield code="a">Teachers</subfield>
    <subfield code="x">Rating of</subfield>
    <subfield code="z">Philippines.</subfield>
    <subfield code="9">17151</subfield>
  </datafield>
  <datafield tag="650" ind1=" " ind2=" ">
    <subfield code="a">Teacher effectiveness</subfield>
    <subfield code="z">Philippines.</subfield>
    <subfield code="9">17152</subfield>
  </datafield>
  <datafield tag="650" ind1=" " ind2=" ">
    <subfield code="a">Competency-based education</subfield>
    <subfield code="z">Philippines.</subfield>
    <subfield code="9">12833</subfield>
  </datafield>
  <datafield tag="650" ind1=" " ind2=" ">
    <subfield code="a">Grade 6 (Education)</subfield>
    <subfield code="z">Philippines.</subfield>
    <subfield code="9">17153</subfield>
  </datafield>
  <datafield tag="650" ind1=" " ind2=" ">
    <subfield code="a">Academic achievement</subfield>
    <subfield code="z">Philippines.</subfield>
    <subfield code="9">12899</subfield>
  </datafield>
  <datafield tag="650" ind1=" " ind2=" ">
    <subfield code="a">Educational evaluation</subfield>
    <subfield code="z">Philippines.</subfield>
    <subfield code="9">17154</subfield>
  </datafield>
  <datafield tag="650" ind1=" " ind2=" ">
    <subfield code="a">Elementary school teachers</subfield>
    <subfield code="z">Philippines.</subfield>
    <subfield code="9">17141</subfield>
  </datafield>
  <datafield tag="658" ind1=" " ind2=" ">
    <subfield code="a">Thesis Writing 2 (Pre/Final Oral Defense :</subfield>
    <subfield code="b">Administration and Supervision, Master of Arts in Education ;</subfield>
    <subfield code="c">MA 101</subfield>
  </datafield>
  <datafield tag="710" ind1=" " ind2=" ">
    <subfield code="a">Foundation University (Dumaguete City).</subfield>
    <subfield code="b">Graduate School,</subfield>
    <subfield code="e">degree granting institution.</subfield>
    <subfield code="9">12576</subfield>
  </datafield>
  <datafield tag="900" ind1=" " ind2="0">
    <subfield code="4">Sapalaran, James O., cataloger</subfield>
  </datafield>
  <datafield tag="942" ind1=" " ind2=" ">
    <subfield code="2">lcc</subfield>
    <subfield code="c">TH</subfield>
    <subfield code="n">0</subfield>
    <subfield code="h">LG 221 D35 G73</subfield>
    <subfield code="i">A6 E38 A36 2015 E45</subfield>
    <subfield code="k">GS (MAED-AdSup-Th)</subfield>
  </datafield>
  <datafield tag="999" ind1=" " ind2=" ">
    <subfield code="c">6257</subfield>
    <subfield code="d">6257</subfield>
  </datafield>
  <datafield tag="952" ind1=" " ind2=" ">
    <subfield code="0">0</subfield>
    <subfield code="1">0</subfield>
    <subfield code="2">lcc</subfield>
    <subfield code="4">0</subfield>
    <subfield code="7">4</subfield>
    <subfield code="8">NFIC</subfield>
    <subfield code="a">FOUNDATION</subfield>
    <subfield code="b">FOUNDATION</subfield>
    <subfield code="c">MAIN-THE,DISS</subfield>
    <subfield code="d">2026-06-04</subfield>
    <subfield code="e">Donated</subfield>
    <subfield code="l">0</subfield>
    <subfield code="o">GS (MAED-AdSup-Th) LG 221 D35 G73 A6 E38 A36 2015 E45</subfield>
    <subfield code="p">0232026007003007</subfield>
    <subfield code="r">2026-06-04 09:53:36</subfield>
    <subfield code="w">2026-06-04</subfield>
    <subfield code="y">TH</subfield>
    <subfield code="k">AdSup-Th-2026007</subfield>
  </datafield>
</record>
